Metodología del entrenamiento de la fuerza para deportistas de alto nivel

Збережено в:
Бібліографічні деталі
Автор: Kuznetsov, V. V (Автор)
Формат: Книга
Мова:Іспанська
Опубліковано: Buenos Aires Stadium 1984
Предмети:
Теги: Додати тег
Немає тегів, Будьте першим, хто поставить тег для цього запису!

MARC

LEADER 00000nam a2200000 a 4500
001 UCW3342
003 CL-VaPUC
008 880726e19840000AG |||||||||||||||||spa|d
082 0 4 |a 796.077  |b KUZ  |2 21 
100 0 |a Kuznetsov, V. V  |e author  |9 307544 
245 1 0 |a Metodología del entrenamiento de la fuerza para deportistas de alto nivel 
300 |a 209 p 
942 |c BK 
945 |d 19880726 00:00:00 
260 |a Buenos Aires  |b Stadium  |c 1984 
650 7 |a ENTRENAMIENTO ATLETICO ENSEÑANZA  |2 CL-VaPUC  |9 307545 
650 0 |a Educación física  |9 240893 
583 |a last modification  |c 19880726 00:00:00  |k Rodrigo Vera 
999 |c 217413  |d 217411 
952 |0 0  |1 0  |4 0  |6 796_077000000000000_KUZ_1984  |7 0  |8 P  |9 204912  |a BIBEDU  |b BIBEDU  |c BIBEDU_PB  |d 2019-11-15  |i 2727102  |o 796.077 KUZ 1984  |p 2727102  |r 2024-01-25  |w 2019-11-15  |y BK  |k EDU 
952 |0 0  |1 0  |4 0  |6 796_077000000000000_KUZ_1984  |7 0  |8 P  |9 204913  |a BIBEDU  |b BIBEDU  |c BIBEDU_PB  |d 2019-11-15  |i 2727110  |o 796.077 KUZ 1984  |p 2727110  |r 2024-01-25  |w 2019-11-15  |y BK  |k EDU 
952 |0 0  |1 0  |4 0  |6 796_077000000000000_KUZ_1984  |7 0  |8 P  |9 204914  |a BIBEDU  |b BIBEDU  |c BIBEDU_PB  |d 2019-11-15  |i 2727129  |o 796.077 KUZ 1984  |p 2727129  |r 2024-01-25  |w 2019-11-15  |y BK  |k EDU 
952 |0 0  |1 0  |4 0  |6 796_077000000000000_KUZ_1984  |7 0  |8 P  |9 204915  |a BIBEDU  |b BIBEDU  |c BIBEDU_PB  |d 2019-11-15  |i 2727137  |o 796.077 KUZ 1984  |p 2727137  |r 2024-01-25  |w 2019-11-15  |y BK  |k EDU